Richest European Cities by Decade (2060-2100) - Statistics

General Stats
  • This quiz has been taken 59 times
  • The average score is 40 of 45
Answer Stats
Year Rank GDP Answer % Correct
2. 2.13T London
100%
2. 2.41T London
100%
2. 2.58T London
100%
2. 2.73T London
100%
2. 2.89T London
100%
2060 1. 2.28T Paris
100%
2070 1. 2.49T Paris
100%
2080 1. 2.71T Paris
100%
2090 1. 2.93T Paris
100%
2100 1. 3.17T Paris
100%
6. 926.49B Munich
96%
6. 1.05T Munich
96%
6. 1.18T Munich
96%
6. 1.3T Munich
96%
6. 1.44T Munich
96%
5. 1.07T Moscow
94%
5. 1.23T Moscow
94%
5. 1.4T Moscow
94%
5. 1.57T Moscow
94%
5. 1.75T Moscow
94%
10. 594.15B Berlin
90%
10. 673.36B Berlin
90%
9. 754.82B Berlin
90%
9. 835.55B Berlin
90%
9. 920.78B Berlin
90%
9. 629.51B Hamburg
88%
8. 713.43B Hamburg
88%
8. 799.74B Hamburg
88%
8. 885.27B Hamburg
88%
8. 975.57B Hamburg
88%
10. 772.15B Amsterdam
84%
10. 836B Amsterdam
84%
4. 1.15T Istanbul
82%
4. 1.41T Istanbul
82%
3. 1.69T Istanbul
82%
3. 1.96T Istanbul
82%
3. 2.25T Istanbul
82%
8. 656.12B Dublin
75%
9. 685.9B Dublin
75%
10. 716.52B Dublin
75%
7. 710.58B Stuttgart
67%
7. 805.31B Stuttgart
67%
7. 902.73B Stuttgart
67%
7. 999.27B Stuttgart
67%
7. 1.1T Stuttgart
67%
No matching quizzes found
Score Distribution
Percent of People with Each Score
Percentile by Number Answered
Your Score History
You have not taken this quiz